Statistiques concernant Trouve le matériel Français !

Cliquez ici pour prendre le quiz!

Statistiques générales

  • Ce quiz a été pris 17 fois
  • Le résultat moyen est 4 sur 8

Statistiques - réponses

Réponse% Correct
Rafale
86%
FAMAS
64%
Leclerc
64%
Porte Avions
57%
Mirage 2000
50%
Caesar
36%
Frégate
36%
Serval
14%

Distribution des résultats

Percentile par nombre de réponses

% des personnes avec chaque résultat

Votre développement - résultats

Vous n’avez pas pris ce quiz